00519nam a2200181Ia 4500008004100000040001400041082002100055100002000076245003700096260004300133365002600176366000800202505002000210620002000230630003700250650001300287730003700300100315s9999 xx 000 0 und d cENGLISH  b5490 a352.48  aGovt. of India  aKey Features of Budget 2006-2007 aNew Delhi bGovt. Of India  c2006  eRupees d1 b0.00  f0  gTushar Jadhav  aAnnual Budget  aKey Features of Budget 2006-2007 aBudget  aKey Features of Budget 2006-2007